Вторичные приборы: номенклатурный каталог

Bibliographic Details
Other Authors: Лебедева З. Б. (составитель)
Summary:Исключено из фонда НТБ ТПУ
Language:Russian
Published: Москва, ЦНИИТЭИприборостроения, 1983
Format: MixedMaterials Book
KOHA link:https://koha.lib.tpu.ru/cgi-bin/koha/opac-detail.pl?biblionumber=122075

MARC

LEADER 00000nam0a2200000 4500
001 122075
005 20231031125828.0
035 |a (RuTPU)RU\TPU\book\132197 
035 |a RU\TPU\book\132193 
090 |a 122075 
100 |a 20070926d1983 k y0rusy50 ca 
101 0 |a rus 
102 |a RU 
105 |a y b 000zy 
200 1 |a Вторичные приборы  |e номенклатурный каталог  |f  сост. З. Б. Лебедева 
210 |a Москва  |c ЦНИИТЭИприборостроения  |d 1983 
215 |a 200 с. 
333 |a Исключено из фонда НТБ ТПУ 
702 1 |a Лебедева  |b З. Б.  |4 220 
801 1 |a RU  |b 63413507  |c 20070926  |g PSBO 
801 2 |a RU  |b 63413507  |c 20220617  |g PSBO 
942 |c BK